| 000 | 01209nam a2200253 a 4500 | ||
|---|---|---|---|
| 001 | 000026954 | ||
| 005 | 20250409122710.0 | ||
| 008 | 110328s2001 dr ad 001 0 spa d | ||
| 040 |
_aDO-SdBNP _bspa _cBNPHU |
||
| 082 |
_a050.97293 _bU58a |
||
| 110 | 1 |
_aUniversidad Central del Este _937229 |
|
| 245 | 1 | 0 | _aAnuario científico. |
| 260 |
_aSan Pedro de Macorís : _bUniversidad Central del Este (UCE), _c2001. |
||
| 300 |
_a248 p. : _bil., tablas. ; _c23 cm. |
||
| 500 | _aIncluye índice alfabético de autores. | ||
| 504 | _aIncluye bibliografía y notas al pie de páginas. | ||
| 505 | 2 |
_gPresentación -- _tMedicina -- _tFarmacología experimental -- _tPsicología -- _tEconomía -- _tEstudios sociales -- _gÍndice analítico del Anuario Científico de la UCE, de los números 1 al 11 / _rSnejanka Penkova -- _gÍndices. |
|
| 590 | _aInventariado,2018/DG | ||
| 650 | 4 |
_aInvestigación científica _vANUARIOS _954044 |
|
| 650 | 4 |
_aMedicina _xInvestigaciones _xEnsayos, conferencias, etc. _954045 |
|
| 650 | 4 |
_aFarmacología _xInvestigaciones _xEnsayos, conferencias, etc. _954046 |
|
| 650 | 4 |
_aCiencias sociales _xInvestigaciones _xEnsayos, conferencias, etc. _954047 |
|
| 910 | _aValidado. Control de calidad EMS. | ||
| 999 |
_c26446 _d26446 |
||